| 000 | 00514nam a2200169Ia 4500 | ||
|---|---|---|---|
| 003 | GCL | ||
| 008 | 140319s9999 xx 000 0 ara d | ||
| 040 |
_aGCL / _cGCL |
||
| 082 | 0 | 4 |
_a833 _bك ل |
| 100 | 1 | _aكيرست , هانز هيملت | |
| 245 | 1 | 0 |
_aليلة المؤامرة / _cكيرست , هانز هيملت |
| 300 | _a191 ص | ||
| 490 |
_aروايات الهلال _v0 |
||
| 650 | 0 | 4 | _aالادب الالمانى |
| 650 | 0 | 4 | _aالمسرحيات الالمانية المترجمة |
| 942 |
_2ddc _cBK |
||
| 999 |
_c45681 _d45681 |
||